000 00611nam a2200181Ia 4500
005 20260429112234.0
008 260429s9999||||xx |||||||||||||| ||und||
020 _a9789388933810
041 _aHindi
082 _a809
_bLAT
100 _aलाठ, मुकुन्द
245 0 _aभावन :
_bसाहित्य और अन्य कलाओं का अनुशीलन /
_cमुकुन्द लाठ
250 _a1st ed.
260 _aनई दिल्ली :
_bराजकमल प्रकाशन,
_c2019.
300 _a564 p.; Hb
650 _aCriticism
942 _cTB
999 _c53063
_d53063